000 00414nam a2200181Ia 4500
005 20240823010617.0
008 240823s9999||||xx |||||||||||||| ||und||
041 _aENGLISH
082 _A4
100 _aRakesh Mittal
245 0 _aGATE-Computer Engineering
250 _a1st
260 _b"GK,New "
500 _aYES
650 _aComputer Science
_bComputer Applications
942 _cBK
999 _c159123
_d159123